A kifizetési politika forradalma az Egyesült Államokban és Európában [absztrakt] /

Elmentve itt :
Bibliográfiai részletek
Szerző: Szládek Dániel
Testületi szerző: III. Móra Interdiszciplináris Kárpát-medencei Szakkollégiumi Konferencia
Dokumentumtípus: Könyv része
Megjelent: 2019
Sorozat:Móra Kárpát-medencei Interdiszciplináris Szakkollégiumi Konferencia 3
Kulcsszavak:Pénzügy - vállalati - előadáskivonat, Vezetés - vállalati - előadáskivonat
Tárgyszavak:
Online Access:http://acta.bibl.u-szeged.hu/83140
LEADER 00953naa a2200205 i 4500
001 acta83140
005 20240118120959.0
008 240118s2019 hu o 1|| hun d
040 |a SZTE Egyetemi Kiadványok Repozitórium  |b hun 
041 |a hun 
100 1 |a Szládek Dániel 
245 1 2 |a A kifizetési politika forradalma az Egyesült Államokban és Európában   |h [elektronikus dokumentum] :  |b [absztrakt] /  |c  Szládek Dániel 
260 |c 2019 
300 |a 80 
490 0 |a Móra Kárpát-medencei Interdiszciplináris Szakkollégiumi Konferencia  |v 3 
650 4 |a Társadalomtudományok 
650 4 |a Közgazdasági és gazdálkodástudományok 
695 |a Pénzügy - vállalati - előadáskivonat, Vezetés - vállalati - előadáskivonat 
711 |a III. Móra Interdiszciplináris Kárpát-medencei Szakkollégiumi Konferencia  |c Szeged  |d 2019. december 6-8. 
856 4 0 |u http://acta.bibl.u-szeged.hu/83140/1/morakonf_2019_080_02.pdf  |z Dokumentum-elérés